[Event "North American U20 Girls 2019"]
[Site "Charlotte"]
[Date "2019.06.28"]
[Round "4.5"]
[White "Li, Yilin"]
[Black "Qiao, Cindy"]
[Result "0-1"]
[WhiteElo "1916"]
[BlackElo "1777"]
[Annotator "NA RC"]
[PlyCount "59"]
[EventDate "2019.06.27"]
[EventType "swiss"]
[EventCountry "USA"]
[SourceTitle "playchess.com"]
[Source "ChessBase"]
[SourceQuality "1"]
[TimeControl "5400+30"]

{[%evp 17,47,29,34,24,25,10,14,4,0,0,32767,0,20,-13,-6,0,0,-7,-26,-24,-14,-29,-15,-10,0,-9,-7,-79,-37,32767,32767,-90]} 1. c4 {[%emt 1:30:30]} e6 {[%emt 1:30:30]} 2. d4 {[%emt 0:00:30]} d5 {[%emt 0:00:30]} 3. Nc3 {[%emt 0:00:30]} Nf6 {[%emt 0:00:30]} 4. Bg5 {[%emt 0:00:30]} Nbd7 {[%emt 0:00:30]} 5. e3 {[%emt 0:00:30]} Be7 {[%emt 0:00:30]} 6. cxd5 {[%emt 0:00:30]} exd5 {[%emt 0:00:30]} 7. Bd3 {[%emt 0:00:30]} c6 {[%emt 0:00:30]} 8. Nge2 {[%emt 0:00:30]} Nh5 {[%emt 0:00:30]} 9. Bxe7 {[%emt 0:00:30]} Qxe7 {[%emt 0:00:30]} 10. Qc2 {[%emt 0:00:30]} g6 {[%emt 0:00:30]} 11. Rc1 {[%emt 0:00:30] D36: Queen's Gambit Declined: Exchange Variation: Main line (5 Bg5 c6 6 Qc2)} (11. O-O O-O 12. Rae1 Ndf6 13. Nc1 Bd7 14. f3 Rfe8 15. Nb3 b6 16. e4 Nf4 17. Qd2 Nxd3 18. Qxd3 Rad8 19. Qe3 Be6 20. e5 Nd7 {0-1 (56) Robson,R (2667)-Akobian,V (2625) Saint Louis 2019}) 11... Nb6 {[%emt 0:00:30]} 12. O-O {[%emt 0:00:30]} O-O {[%emt 0:00:30]} 13. a3 {[%emt 0:00:30]} Bd7 $146 {[%emt 0:00:30]} ({Predecessor:} 13... Re8 14. Rcd1 Be6 15. a4 a5 16. b3 Bg4 17. h3 Bd7 18. Rb1 Nc8 {½-½ (35) Hildebrand,G (2383)-Schmidt,K (2169) ICCF email 2012}) 14. Rfe1 {[%emt 0:00:30]} Rae8 {[%emt 0:00:30]} 15. e4 {[%emt 0:00:30]} dxe4 {[%emt 0:00:30]} 16. Nxe4 {[%emt 0:00:30]} Bf5 {[%emt 0:00:30]} 17. Nc5 {[%emt 0:00:30]} Bxd3 {[%emt 0:00:30]} 18. Nxd3 {[%emt 0:00:30]} Qc7 {[%emt 0:00:30]} 19. Ne5 {[%emt 0:00:30]} Nd5 {[%emt 0:00:30]} 20. g3 {[%emt 0:00:30]} Ng7 $11 {[%emt 0:00:30]} 21. Qc5 {[%emt 0:00:30]} Ne6 {[%emt 0:00:30]} 22. Qc4 {[%emt 0:00:30]} (22. Qxd5 $1 $11 cxd5 23. Rxc7 Nxc7 24. Nd7) 22... Qd6 {[%emt 0:00:30] Remove Defender} 23. Ng4 {[%emt 0:00:30]} Rd8 {[%emt 0:00:30]} 24. Rcd1 {[%emt 0:00:30]} (24. Qd3 $15) 24... f6 {[%emt 0:00:30]} 25. Nc3 {[%emt 0:00:30]} Ng5 {[%emt 0:00:30]} 26. Kg2 {[%emt 0:00:30]} f5 {[%emt 0:00:30]} 27. Ne5 {[%emt 0:00:30]} Ne6 {[%emt 0:00:30]} 28. Nf3 {[%emt 0:00:30]} Kg7 {[%emt 0:00:30]} 29. Re5 {[%emt 0:00:30]} Rd7 {[%emt 0:00:30]} 30. Qxd5 {[%emt 0:00:30]} 0-1

[Event "North American U20 Girls 2019"]
[Site "Charlotte"]
[Date "2019.06.28"]
[Round "5.1"]
[White "Yip, Carissa"]
[Black "Zeng, Sheena"]
[Result "1-0"]
[WhiteElo "2276"]
[BlackElo "1964"]
[Annotator "TA"]
[PlyCount "89"]
[EventDate "2019.06.27"]
[EventType "swiss"]
[EventCountry "USA"]
[SourceTitle "playchess.com"]
[Source "ChessBase"]
[SourceQuality "1"]

{[%evp 13,89,29,84,75,126,94,122,118,118,108,114,119,106,115,158,102,118,102,103,86,115,127,149,115,125,126,163,163,160,166,201,188,156,170,213,186,207,170,157,145,164,161,289,268,290,185,193,181,171,-58,-38,-42,246,225,221,221,235,199,636,230,691,690,662,670,667,656,993,1002,1039,994,982,972,2106,919,929,927,817,790]} 1. e4 e6 2. d4 d5 3. Nd2 dxe4 4. Nxe4 Nd7 5. Bd3 Ngf6 6. Qe2 Nxe4 7. Bxe4 Nf6 {[#]} (7... c5 $11) 8. Bxb7 $1 $16 {[%mdl 512] C10: French with 3 Nc3: Unusual Black 3rd moves and 3...dxe4} Rb8 (8... Bxb7 $142 9. Qb5+ {[%mdl 64] Double Attack} c6 10. Qxb7 Qc8 11. Qxc8+ Rxc8) 9. Bxc8 Qxc8 10. Nf3 {White is better.} c5 11. O-O cxd4 12. Nxd4 Bc5 13. Nb3 O-O 14. Rd1 ({White should try} 14. Nxc5 Qxc5 15. c4) 14... Be7 $146 ({Predecessor:} 14... Bb6 15. Bg5 Qc6 {0-1 (45) Libiszewski,F (2486)-Roos,L (2345) France 2007}) 15. Be3 Qc7 16. c4 a5 17. Nd4 Rfc8 18. Rac1 Bc5 19. Bg5 Kh8 20. Nb5 Qc6 21. Bf4 Rb7 22. Nd6 Bxd6 23. Rxd6 Qc5 24. Qd2 h6 25. Ra6 Ne4 26. Qe2 Qf5 27. Be3 Rcb8 (27... Qe5 {might work better.}) 28. b3 $18 Rd7 29. Qf3 Rbd8 30. h3 {Strongly threatening Qxf5.} Qe5 31. Qf4 $2 (31. Bf4 $18 Qf5 32. Be3) 31... Qxf4 $1 $15 32. Bxf4 Rd1+ $2 {[%mdl 8192]} (32... Nc5 $1 $15 {keeps the upper hand.} 33. Rxa5 Nd3 {[%mdl 64] Double Attack}) 33. Rxd1 Rxd1+ $18 {[%mdl 4096] Endgame KRB-KRN} 34. Kh2 Nxf2 35. Rxa5 {Hoping for c5.} Nd3 $2 (35... Rh1+ 36. Kg3 Rf1) 36. Ra8+ Kh7 37. Rd8 {White is clearly winning.} g5 38. Be3 f5 39. Bb6 e5 {intending ...e4.} 40. c5 e4 41. c6 Rc1 42. c7 e3 43. Bxe3 (43. Rd7+ $142 Kg6 44. Rxd3) 43... Rxc7 44. Rxd3 f4 45. Bd2 {Accuracy: White = 65%, Black = 46%.} 1-0

[Event "North American U20 Girls 2019"]
[Site "Charlotte"]
[Date "2019.06.28"]
[Round "5.2"]
[White "Qiao, Cindy"]
[Black "Zhu, Evelyn"]
[Result "0-1"]
[WhiteElo "1777"]
[BlackElo "2006"]
[Annotator "NA RC"]
[PlyCount "58"]
[EventDate "2019.06.27"]
[EventType "swiss"]
[EventCountry "USA"]
[SourceTitle "playchess.com"]
[Source "ChessBase"]
[SourceQuality "1"]
[TimeControl "5400+30"]

1. e4 {[%emt 1:30:30]} c5 {[%emt 1:30:30]} 2. Nf3 {[%emt 0:00:30]} e6 {[%emt 0:00:30]} 3. d3 {[%emt 0:00:30]} Nc6 {[%emt 0:00:30]} 4. Nbd2 {[%emt 0:00:30]} g6 {[%emt 0:00:30]} 5. g3 {[%emt 0:00:30]} Bg7 {[%emt 0:00:30]} 6. Bg2 {[%emt 0:00:30]} Nge7 {[%emt 0:00:30]} 7. O-O {[%emt 0:00:30]} O-O {[%emt 0:00:30]} 8. Re1 {[%emt 0:00:30]} d6 {[%emt 0:00:30]} 9. c3 {[%emt 0:00:30]} e5 {[%emt 0:00:30]} 10. Nf1 {[%emt 0:00:30]} h6 {[%emt 0:00:30]} 11. h4 {[%emt 0:00:30]} f5 {[%emt 0:00:30]} 12. exf5 {[%emt 0:00:30]} gxf5 {[%emt 0:00:30]} 13. Qe2 {[%emt 0:00:30]} Rb8 {[%emt 0:00:30]} 14. Bd2 {[%emt 0:00:30]} b6 {[%emt 0:00:30]} 15. Rab1 {[%emt 0:00:30]} Ba6 {[%emt 0:00:30]} 16. c4 {[%emt 0:00:30]} b5 {[%emt 0:00:30]} 17. b3 {[%emt 0:00:30]} d5 {[%emt 0:00:30]} 18. Red1 {[%emt 0:00:30]} bxc4 {[%emt 0:00:30]} 19. dxc4 {[%emt 0:00:30]} e4 {[%emt 0:00:30]} 20. N3h2 {[%emt 0:00:30]} Qe8 {[%emt 0:00:30]} 21. Bf4 {[%emt 0:00:30]} Rd8 {[%emt 0:00:30]} 22. a3 {[%emt 0:00:30]} Ng6 {[%emt 0:00:30]} 23. Be3 {[%emt 0:00:30]} Nd4 {[%emt 0:00:30]} 24. Qh5 {[%emt 0:00:30]} f4 {[%emt 0:00:30]} 25. gxf4 {[%emt 0:00:30]} Nxf4 {[%emt 0:00:30]} 26. Qxe8 {[%emt 0:00:30]} Nfe2+ {[%emt 0:00:30]} 27. Kh1 {[%emt 0:00:30]} Rfxe8 {[%emt 0:00:30]} 28. Rd2 {[%emt 0:00:30]} Nc3 {[%emt 0:00:30]} 29. Rc1 {[%emt 0:00:30]} Nxb3 {[%emt 0:00:30]} 0-1

[Event "North American U20 Girls 2019"]
[Site "Charlotte"]
[Date "2019.06.28"]
[Round "5.3"]
[White "Chin, Angelica"]
[Black "Wu, Abbie"]
[Result "0-1"]
[WhiteElo "1937"]
[BlackElo "1448"]
[Annotator "NA RC"]
[PlyCount "106"]
[EventDate "2019.06.27"]
[EventType "swiss"]
[EventCountry "USA"]
[SourceTitle "playchess.com"]
[Source "ChessBase"]
[SourceQuality "1"]
[TimeControl "5400+30"]

1. e4 {[%emt 1:30:30]} c5 {[%emt 1:30:30]} 2. Nf3 {[%emt 0:00:30]} d6 {[%emt 0:00:30]} 3. d4 {[%emt 0:00:30]} cxd4 {[%emt 0:00:30]} 4. Nxd4 {[%emt 0:00:30]} Nf6 {[%emt 0:00:30]} 5. Nc3 {[%emt 0:00:30]} Nc6 {[%emt 0:00:30]} 6. Be2 {[%emt 0:00:30]} e6 {[%emt 0:00:30]} 7. O-O {[%emt 0:00:30]} Be7 {[%emt 0:00:30]} 8. Be3 {[%emt 0:00:30]} O-O {[%emt 0:00:30]} 9. f4 {[%emt 0:00:30]} a6 {[%emt 0:00:30]} 10. Kh1 {[%emt 0:00:30]} Qc7 {[%emt 0:00:30]} 11. Qe1 {[%emt 0:00:30]} Nxd4 {[%emt 0:00:30]} 12. Bxd4 {[%emt 0:00:30]} e5 {[%emt 0:00:30]} 13. Be3 {[%emt 0:00:30]} exf4 {[%emt 0:00:30]} 14. Bxf4 {[%emt 0:00:30]} Be6 {[%emt 0:00:30]} 15. Qg3 {[%emt 0:00:30]} Kh8 {[%emt 0:00:30]} 16. Rad1 {[%emt 0:00:30]} Rfd8 {[%emt 0:00:30]} 17. e5 {[%emt 0:00:30]} dxe5 {[%emt 0:00:30]} 18. Bxe5 {[%emt 0:00:30]} Qc5 {[%emt 0:00:30]} 19. Ne4 {[%emt 0:00:30]} Qxc2 {[%emt 0:00:30]} 20. Bd3 {[%emt 0:00:30]} Rxd3 {[%emt 0:00:30]} 21. Rxd3 {[%emt 0:00:30]} Bc4 {[%emt 0:00:30]} 22. Rd2 {[%emt 0:00:30]} Qxe4 {[%emt 0:00:30]} 23. Rd4 {[%emt 0:00:30]} Qc2 {[%emt 0:00:30]} 24. Rfd1 {[%emt 0:00:30]} Be6 {[%emt 0:00:30]} 25. Qf3 {[%emt 0:00:30]} Qc6 {[%emt 0:00:30]} 26. Qd3 {[%emt 0:00:30]} h6 {[%emt 0:00:30]} 27. a3 {[%emt 0:00:30]} Rc8 {[%emt 0:00:30]} 28. Bd6 {[%emt 0:00:30]} Bxd6 {[%emt 0:00:30]} 29. Rxd6 {[%emt 0:00:30]} Qc2 {[%emt 0:00:30]} 30. Qd4 {[%emt 0:00:30]} Qe4 {[%emt 0:00:30]} 31. Qf2 {[%emt 0:00:30]} Rc2 {[%emt 0:00:30]} 32. Qg3 {[%emt 0:00:30]} Nh5 {[%emt 0:00:30]} 33. Rd8+ {[%emt 0:00:30]} Kh7 {[%emt 0:00:30]} 34. Qd3 {[%emt 0:00:30]} Qxd3 {[%emt 0:00:30]} 35. R8xd3 Rxb2 {[%emt 0:00:30]} 36. Kg1 {[%emt 0:01:00]} Nf4 {[%emt 0:00:30]} 37. R3d2 {[%emt 0:00:30]} Rb3 {[%emt 0:00:30]} 38. g3 {[%emt 0:00:30]} Nh3+ {[%emt 0:00:30]} 39. Kg2 {[%emt 0:00:30]} Rxa3 {[%emt 0:00:30]} 40. Re1 {[%emt 0:00:30]} Ng5 {[%emt 0:00:30]} 41. Rb2 {[%emt 0:00:30]} Bd5+ {[%emt 0:00:30]} 42. Kf2 {[%emt 0:00:30]} Rf3+ {[%emt 0:00:30]} 43. Ke2 {[%emt 0:00:30]} Bc4+ {[%emt 0:00:30]} 44. Kd1 {[%emt 0:00:30]} Rd3+ {[%emt 0:00:30]} 45. Kc2 {[%emt 0:00:30]} Nf3 {[%emt 0:00:30]} 46. Re4 {[%emt 0:00:30]} Rd2+ {[%emt 0:00:30]} 47. Kc3 {[%emt 0:00:30]} Rxb2 {[%emt 0:00:30]} 48. Kxb2 {[%emt 0:00:30]} b5 {[%emt 0:00:30]} 49. h4 {[%emt 0:00:30]} a5 {[%emt 0:00:30]} 50. Rf4 {[%emt 0:00:30]} Ne5 {[%emt 0:00:30]} 51. Rf5 {[%emt 0:00:30]} f6 {[%emt 0:00:30]} 52. Kc3 {[%emt 0:00:30]} b4+ {[%emt 0:00:30]} 53. Kb2 {[%emt 0:00:30]} Kg6 {[%emt 0:00:30]} 0-1

[Event "North American U20 Girls 2019"]
[Site "Charlotte"]
[Date "2019.06.28"]
[Round "5.4"]
[White "Velidandla, Sarvagna"]
[Black "Ehsani, Yassamin"]
[Result "0-1"]
[WhiteElo "1717"]
[BlackElo "1866"]
[Annotator "NA RC"]
[PlyCount "64"]
[EventDate "2019.06.27"]
[EventType "swiss"]
[EventCountry "USA"]
[SourceTitle "playchess.com"]
[Source "ChessBase"]
[SourceQuality "1"]
[TimeControl "5400+30"]

1. d4 {[%emt 1:30:30]} d5 {[%emt 1:30:30]} 2. c4 {[%emt 0:00:30]} c6 {[%emt 0:00:30]} 3. cxd5 {[%emt 0:00:30]} cxd5 {[%emt 0:00:30]} 4. Nc3 {[%emt 0:00:30]} Nf6 {[%emt 0:00:30]} 5. Bf4 {[%emt 0:00:30]} Nc6 {[%emt 0:00:30]} 6. e3 {[%emt 0:00:30]} a6 {[%emt 0:00:30]} 7. Bd3 {[%emt 0:00:30]} Bg4 {[%emt 0:00:30]} 8. Nge2 {[%emt 0:00:30]} e6 {[%emt 0:00:30]} 9. O-O {[%emt 0:00:30]} Bd6 {[%emt 0:00:30]} 10. Qb3 {[%emt 0:00:30]} O-O {[%emt 0:00:30]} 11. f3 {[%emt 0:00:30]} Bh5 {[%emt 0:00:30]} 12. Bxd6 {[%emt 0:00:30]} Qxd6 {[%emt 0:00:30]} 13. Rfd1 {[%emt 0:00:30]} Bg6 {[%emt 0:00:30]} 14. Bxg6 {[%emt 0:00:30]} hxg6 {[%emt 0:00:30]} 15. e4 {[%emt 0:00:30]} dxe4 {[%emt 0:00:30]} 16. Nxe4 {[%emt 0:00:30]} Nxe4 {[%emt 0:00:30]} 17. fxe4 {[%emt 0:00:30]} Rac8 {[%emt 0:00:30]} 18. d5 {[%emt 0:00:30]} Na5 {[%emt 0:00:30]} 19. Qe3 {[%emt 0:00:30]} Nc4 {[%emt 0:00:30]} 20. Qb3 {[%emt 0:00:30]} Qc5+ {[%emt 0:00:30]} 21. Kh1 {[%emt 0:00:30]} Qf2 {[%emt 0:00:30]} 22. Nd4 {[%emt 0:00:30]} Ne3 {[%emt 0:00:30]} 23. Rg1 {[%emt 0:00:30]} exd5 {[%emt 0:00:30]} 24. exd5 {[%emt 0:00:30]} Ng4 {[%emt 0:00:30]} 25. Rad1 {[%emt 0:00:30]} Qxd4 {[%emt 0:00:30]} 26. Rdf1 {[%emt 0:00:30]} Nf2+ {[%emt 0:00:30]} 27. Rxf2 {[%emt 0:00:30]} Qxf2 {[%emt 0:00:30]} 28. Qd3 {[%emt 0:00:30]} Qxb2 {[%emt 0:00:30]} 29. d6 {[%emt 0:00:30]} Rc1 {[%emt 0:00:30]} 30. d7 {[%emt 0:00:30]} Rxg1+ {[%emt 0:00:30]} 31. Kxg1 Qb6+ {[%emt 0:00:30]} 32. Kf1 {[%emt 0:01:00]} Qb5 {[%emt 0:00:30]} 0-1

[Event "North American U20 Girls 2019"]
[Site "Charlotte"]
[Date "2019.06.28"]
[Round "5.5"]
[White "Avirneni, Saithanusri"]
[Black "Morris-Suzuki, Sophie"]
[Result "1-0"]
[WhiteElo "1641"]
[BlackElo "1945"]
[Annotator "NA RC"]
[PlyCount "95"]
[EventDate "2019.06.27"]
[EventType "swiss"]
[EventCountry "USA"]
[SourceTitle "playchess.com"]
[Source "ChessBase"]
[SourceQuality "1"]
[TimeControl "5400+30"]

1. d4 {[%emt 1:30:30]} d5 {[%emt 1:30:30]} 2. c4 {[%emt 0:00:30]} dxc4 {[%emt 0:00:30]} 3. e4 {[%emt 0:00:30]} Nc6 {[%emt 0:00:30]} 4. Be3 {[%emt 0:00:30]} Nf6 {[%emt 0:00:30]} 5. Nc3 {[%emt 0:00:30]} e5 {[%emt 0:00:30]} 6. d5 {[%emt 0:00:30]} Ne7 {[%emt 0:00:30]} 7. Bxc4 {[%emt 0:00:30]} a6 {[%emt 0:00:30]} 8. a4 {[%emt 0:00:30]} Ng6 {[%emt 0:00:30]} 9. Nge2 {[%emt 0:00:30]} Ng4 {[%emt 0:00:30]} 10. Qd2 {[%emt 0:00:30]} Be7 {[%emt 0:00:30]} 11. O-O {[%emt 0:00:30]} O-O {[%emt 0:00:30]} 12. f4 {[%emt 0:00:30]} exf4 {[%emt 0:00:30]} 13. Nxf4 {[%emt 0:00:30]} Bd6 {[%emt 0:00:30]} 14. h3 {[%emt 0:00:30]} Nxe3 {[%emt 0:00:30]} 15. Qxe3 {[%emt 0:00:30]} Bxf4 {[%emt 0:00:30]} 16. Rxf4 {[%emt 0:00:30]} Nxf4 {[%emt 0:00:30]} 17. Qxf4 {[%emt 0:00:30]} Qd6 {[%emt 0:00:30]} 18. e5 {[%emt 0:00:30]} Qg6 {[%emt 0:00:30]} 19. Kh2 {[%emt 0:00:30]} Bf5 {[%emt 0:00:30]} 20. Rf1 {[%emt 0:00:30]} Bd3 {[%emt 0:00:30]} 21. Bxd3 {[%emt 0:00:30]} Qxd3 {[%emt 0:00:30]} 22. Rf3 {[%emt 0:00:30]} Qg6 {[%emt 0:00:30]} 23. Rg3 {[%emt 0:00:30]} Qb6 {[%emt 0:00:30]} 24. d6 {[%emt 0:00:30]} f5 {[%emt 0:00:30]} 25. Qg5 {[%emt 0:00:30]} g6 {[%emt 0:00:30]} 26. Nd5 {[%emt 0:00:30]} Qf2 {[%emt 0:00:30]} 27. Ne7+ {[%emt 0:00:30]} Kg7 {[%emt 0:00:30]} 28. Rf3 {[%emt 0:00:30]} Qc2 {[%emt 0:00:30]} 29. Rg3 {[%emt 0:00:30]} f4 {[%emt 0:00:30]} 30. Rc3 {[%emt 0:00:30]} Qe4 {[%emt 0:00:30]} 31. Rxc7 {[%emt 0:00:30]} Rf7 {[%emt 0:00:30]} 32. Rc3 {[%emt 0:00:30]} Re8 {[%emt 0:00:30]} 33. d7 {[%emt 0:00:30]} Ref8 {[%emt 0:00:30]} 34. Rc8 {[%emt 0:00:30]} h6 {[%emt 0:00:30]} 35. Qxg6+ {[%emt 0:00:30]} Qxg6 36. Nxg6 {[%emt 0:00:30]} Kxg6 {[%emt 0:01:00]} 37. e6 {[%emt 0:00:30]} f3 {[%emt 0:00:30]} 38. gxf3 {[%emt 0:00:30]} Rxf3 {[%emt 0:00:30]} 39. Rxf8 {[%emt 0:00:30]} Rxf8 40. e7 {[%emt 0:00:30]} Rf2+ {[%emt 0:01:00]} 41. Kg3 {[%emt 0:00:30]} Rxb2 {[%emt 0:00:30]} 42. e8=Q+ {[%emt 0:00:30]} Kf5 {[%emt 0:00:30]} 43. d8=Q {[%emt 0:00:30]} Rb3+ {[%emt 0:00:30]} 44. Kh4 {[%emt 0:00:30]} b5 {[%emt 0:00:30]} 45. Qd5+ {[%emt 0:00:30]} Kf6 {[%emt 0:00:30]} 46. Qee6+ {[%emt 0:00:30]} Kg7 {[%emt 0:00:30]} 47. Qdd7+ {[%emt 0:00:30]} Kf8 {[%emt 0:00:30]} 48. Qee8# {[%emt 0:00:30]} 1-0

[Event "North American U20 Girls 2019"]
[Site "Charlotte"]
[Date "2019.06.29"]
[Round "6.1"]
[White "Zhu, Evelyn"]
[Black "Yip, Carissa"]
[Result "1/2-1/2"]
[WhiteElo "2006"]
[BlackElo "2276"]
[Annotator "RC"]
[PlyCount "91"]
[EventDate "2019.06.27"]
[EventType "swiss"]
[EventCountry "USA"]
[SourceTitle "playchess.com"]
[Source "ChessBase"]
[SourceQuality "1"]
[TimeControl "5400+30"]

1. d4 {[%emt 1:30:30]} Nf6 {[%emt 1:30:30]} 2. c4 {[%emt 0:00:30]} g6 {[%emt 0:00:30]} 3. Nc3 {[%emt 0:00:30]} d5 {[%emt 0:00:30]} 4. cxd5 {[%emt 0:00:30]} Nxd5 {[%emt 0:00:30]} 5. g3 {[%emt 0:00:30]} Nb6 {[%emt 0:00:30]} 6. Bg2 {[%emt 0:00:30]} Bg7 {[%emt 0:00:30]} 7. Nf3 {[%emt 0:00:30]} Nc6 {[%emt 0:00:30]} 8. e3 {[%emt 0:00:30]} O-O {[%emt 0:00:30]} 9. O-O {[%emt 0:00:30]} Re8 {[%emt 0:00:30]} 10. Nh4 {[%emt 0:00:30]} e5 {[%emt 0:00:30]} 11. d5 {[%emt 0:00:30]} Nb4 {[%emt 0:00:30]} 12. e4 {[%emt 0:00:30]} Qe7 {[%emt 0:00:30]} 13. Re1 {[%emt 0:00:30]} Bd7 {[%emt 0:00:30]} 14. Nf3 {[%emt 0:00:30]} c6 {[%emt 0:00:30]} 15. a3 {[%emt 0:00:30]} Na6 {[%emt 0:00:30]} 16. dxc6 {[%emt 0:00:30]} Bxc6 {[%emt 0:00:30]} 17. Qe2 {[%emt 0:00:30]} Nc5 {[%emt 0:00:30]} 18. Bg5 {[%emt 0:00:30]} Qe6 {[%emt 0:00:30]} 19. Rad1 {[%emt 0:00:30]} Qb3 {[%emt 0:00:30]} 20. Rb1 {[%emt 0:00:30]} h6 {[%emt 0:00:30]} 21. Be3 {[%emt 0:00:30]} Nca4 {[%emt 0:00:30]} 22. Nxa4 {[%emt 0:00:30]} Nxa4 {[%emt 0:00:30]} 23. Nd2 {[%emt 0:00:30]} Qe6 {[%emt 0:00:30]} 24. Rec1 {[%emt 0:00:30]} b5 {[%emt 0:00:30]} 25. Rc2 {[%emt 0:00:30]} Rec8 {[%emt 0:00:30]} 26. Rbc1 {[%emt 0:00:30]} Bf8 {[%emt 0:00:30]} 27. h4 {[%emt 0:00:30]} Be8 {[%emt 0:00:30]} 28. Rxc8 {[%emt 0:00:30]} Rxc8 {[%emt 0:00:30]} 29. Rxc8 {[%emt 0:00:30]} Qxc8 {[%emt 0:00:30]} 30. Nf3 {[%emt 0:00:30]} f6 {[%emt 0:00:30]} 31. Qd2 {[%emt 0:00:30]} Qd7 {[%emt 0:00:30]} 32. Qe2 {[%emt 0:00:30]} Bf7 {[%emt 0:00:30]} 33. Ne1 {[%emt 0:00:30]} a6 {[%emt 0:00:30]} 34. Qc2 {[%emt 0:00:30]} Qe6 {[%emt 0:00:30]} 35. Bf1 {[%emt 0:00:30]} h5 {[%emt 0:00:30]} 36. Kh2 {[%emt 0:00:30]} Qb3 {[%emt 0:00:30]} 37. Qc8 {[%emt 0:00:30]} Qxb2 {[%emt 0:00:30]} 38. Qxa6 {[%emt 0:00:30]} Nc3 {[%emt 0:00:30]} 39. Qxf6 {[%emt 0:00:30]} Nxe4 {[%emt 0:00:30]} 40. Qf3 {[%emt 0:00:30]} Nc3 {[%emt 0:00:30]} 41. Nd3 {[%emt 0:00:30]} Qb1 {[%emt 0:00:30]} 42. Nxe5 {[%emt 0:00:30]} Bd5 {[%emt 0:00:30]} 43. Qf6 {[%emt 0:00:30]} Bg7 {[%emt 0:00:30]} 44. Qxg6 {[%emt 0:00:30]} Qxf1 {[%emt 0:00:30]} 45. Qe8+ {[%emt 0:00:30]} Bf8 {[%emt 0:00:30]} 46. Qg6+ {[%emt 0:00:30]} 1/2-1/2

[Event "North American U20 Girls 2019"]
[Site "Charlotte"]
[Date "2019.06.29"]
[Round "6.2"]
[White "Wu, Abbie"]
[Black "Ehsani, Yassamin"]
[Result "0-1"]
[WhiteElo "1448"]
[BlackElo "1866"]
[Annotator "NA RC"]
[PlyCount "84"]
[EventDate "2019.06.27"]
[EventType "swiss"]
[EventCountry "USA"]
[SourceTitle "playchess.com"]
[Source "ChessBase"]
[SourceQuality "1"]
[TimeControl "5400+30"]

1. e4 {[%emt 1:30:30]} c5 {[%emt 1:30:30]} 2. Nf3 {[%emt 0:00:30]} e6 {[%emt 0:00:30]} 3. d4 {[%emt 0:00:30]} cxd4 {[%emt 0:00:30]} 4. Nxd4 {[%emt 0:00:30]} a6 {[%emt 0:00:30]} 5. Be3 {[%emt 0:00:30]} Qc7 {[%emt 0:00:30]} 6. f3 {[%emt 0:00:30]} Nf6 {[%emt 0:00:30]} 7. Qd2 {[%emt 0:00:30]} b5 {[%emt 0:00:30]} 8. g4 {[%emt 0:00:30]} h6 {[%emt 0:00:30]} 9. a3 {[%emt 0:00:30]} Nc6 {[%emt 0:00:30]} 10. Nc3 {[%emt 0:00:30]} Bb7 {[%emt 0:00:30]} 11. Bg2 {[%emt 0:00:30]} Nxd4 {[%emt 0:00:30]} 12. Bxd4 {[%emt 0:00:30]} e5 {[%emt 0:00:30]} 13. Be3 {[%emt 0:00:30]} b4 {[%emt 0:00:30]} 14. axb4 {[%emt 0:00:30]} Bxb4 {[%emt 0:00:30]} 15. O-O {[%emt 0:00:30]} O-O $15 {[%emt 0:00:30]} 16. Rfb1 {[%emt 0:00:30]} a5 {[%emt 0:00:30]} 17. Bf1 {[%emt 0:00:30]} d5 {[%emt 0:00:30]} 18. exd5 {[%emt 0:00:30]} Nxd5 {[%emt 0:00:30]} 19. Bf2 {[%emt 0:00:30]} Rfd8 {[%emt 0:00:30]} 20. Nxd5 {[%emt 0:00:30]} Rxd5 {[%emt 0:00:30]} 21. Qe2 {[%emt 0:00:30]} Rd2 {[%emt 0:00:30]} 22. Qb5 {[%emt 0:00:30]} Rxc2 {[%emt 0:00:30]} 23. Rd1 {[%emt 0:00:30]} Qc6 {[%emt 0:00:30]} 24. Qxc6 {[%emt 0:00:30]} Bxc6 {[%emt 0:00:30]} 25. Rac1 {[%emt 0:00:30]} Rxc1 {[%emt 0:00:30]} 26. Rxc1 {[%emt 0:00:30]} Bxf3 {[%emt 0:00:30]} 27. Bg2 {[%emt 0:00:30]} Bxg2 {[%emt 0:00:30]} 28. Kxg2 {[%emt 0:00:30]} Rd8 {[%emt 0:00:30]} 29. Kf3 {[%emt 0:00:30]} Rd2 {[%emt 0:00:30]} 30. Bg3 {[%emt 0:00:30]} f6 {[%emt 0:00:30]} 31. Rb1 {[%emt 0:00:30]} Kf7 {[%emt 0:00:30]} 32. b3 {[%emt 0:00:30]} Ke6 {[%emt 0:00:30]} 33. h3 {[%emt 0:00:30]} Rd3+ {[%emt 0:00:30]} 34. Kg2 {[%emt 0:00:30]} Kd5 {[%emt 0:00:30]} 35. Bf2 {[%emt 0:00:30]} e4 {[%emt 0:00:30]} 36. Bg3 {[%emt 0:00:30]} Rd2+ {[%emt 0:00:30]} 37. Kf1 {[%emt 0:00:30]} e3 {[%emt 0:00:30]} 38. Be1 {[%emt 0:00:30]} Rh2 {[%emt 0:00:30]} 39. Kg1 {[%emt 0:00:30]} Rc2 {[%emt 0:00:30]} 40. Bxb4 {[%emt 0:00:30]} axb4 {[%emt 0:00:30]} 41. Rd1+ {[%emt 0:00:30]} Ke4 {[%emt 0:00:30]} 42. Rd8 {[%emt 0:00:30]} Kf3 {[%emt 0:00:30]} 0-1